FOOD & BEVERAGE (Record no. 8062)

MARC details
000 -LEADER
fixed length control field 00320nam a22001457a 4500
020 ## - INTERNATIONAL STANDARD BOOK NUMBER
International Standard Book Number 978-81-8204-089-2
082 ## - DEWEY DECIMAL CLASSIFICATION NUMBER
Classification number 641.2
Item number JAY
100 ## - MAIN ENTRY--PERSONAL NAME
Personal name JAY PRAKASH KANT
245 ## - TITLE STATEMENT
Title FOOD & BEVERAGE
260 ## - PUBLICATION, DISTRIBUTION, ETC. (IMPRINT)
Place of publication, distribution, etc DELHI
Name of publisher, distributor, etc AMAN
Year of Publication 2015
300 ## - PAGE DESCRIPTION
No. of Pages 218
650 ## - SUBJECT ADDED ENTRY--TOPICAL TERM
Topical term or geographic name as entry element FOOD & BEVERAGE
653 ## - KEYWORDS--INDEX TERM
Keyword term FOOD, BEVERAGE
942 ## - ADDED ENTRY ELEMENTS (KOHA)
Source of classification or shelving scheme Dewey Decimal Classification
Koha item type Books
Holdings
Withdrawn status Lost status Source of classification or shelving scheme Damaged status Not for loan Collection code Home library Current library Shelving location Date acquired Vendor Name Cost, normal purchase price SGTU Bill Number Total Checkouts Full call number Accession No. (Barcode) Date last seen Date last borrowed Bill Date Koha item type
    Dewey Decimal Classification     HOTEL MANAGEMENT SGT Science & Social Sciences Library SGT Science & Social Sciences Library Text Book 10/10/2015 JINDAL BOOK SERVICE 375.00 SGTU 1775 2 641.2 JAY HM491 23/08/2021 20/08/2021 07/09/2015 Books
    Dewey Decimal Classification     HOTEL MANAGEMENT SGT Science & Social Sciences Library SGT Science & Social Sciences Library Text Book 10/10/2015 JINDAL BOOK SERVICE 375.00 SGTU 1775   641.2 JAY HM492 10/10/2015   07/09/2015 Books
    Dewey Decimal Classification     HOTEL MANAGEMENT SGT Science & Social Sciences Library SGT Science & Social Sciences Library Text Book 10/10/2015 JINDAL BOOK SERVICE 375.00 SGTU 1775   641.2 JAY HM493 10/10/2015   07/09/2015 Books
    Dewey Decimal Classification     HOTEL MANAGEMENT SGT Science & Social Sciences Library SGT Science & Social Sciences Library Text Book 10/10/2015 JINDAL BOOK SERVICE 375.00 SGTU 1775 1 641.2 JAY HM494 13/10/2018 26/09/2018 07/09/2015 Books
    Dewey Decimal Classification     HOTEL MANAGEMENT SGT Science & Social Sciences Library SGT Science & Social Sciences Library Text Book 10/10/2015 JINDAL BOOK SERVICE 375.00 SGTU 1775 1 641.2 JAY HM495 08/12/2015 17/11/2015 07/09/2015 Books